| 000 | 01318aam a2200325 i 4500 | ||
|---|---|---|---|
| 001 | 768714001 | ||
| 003 | CO-MdFUSB | ||
| 005 | 20240531062736.0 | ||
| 007 | ta | ||
| 008 | 210928t1990 -us |||| |||| 00| 0 spa d | ||
| 020 | _a0311462677 | ||
| 040 |
_bspa. _aCO-MdFUSB _cCO-MdFUSB _dCO-MdFUSBC _erda |
||
| 041 | _aspa | ||
| 082 | 0 | 4 |
_a241.5 _223 _bS3368c |
| 100 | 1 |
_aSchipani, Daniel S. _eautor |
|
| 245 | 1 | 0 |
_aCuando se piensa en el aborto _c/ Daniel S. Schipani |
| 264 | 1 |
_aEl Paso, TX., USA : _bMundo Hispano, _c[1990] |
|
| 264 | 4 | _c© 1990 | |
| 300 |
_a92 Paginas _c; 18 cm |
||
| 336 |
_atexto _btxt _2rdacontent |
||
| 337 |
_2rdamedia _asin mediación _bn |
||
| 338 |
_2rdacarrier _avolumen _bnc |
||
| 505 | _a¿Por qué el tema del aborto? -- ¿Cuándo se considera la posibilidad del aborto? -- ¿Cuándo comienza la vida de un ser humano? -- ¿Qué pistas bíblicas debemos considerar? -- ¿Quiénes deciden sobre la opción del aborto? -- ¿En qué consisten las opciones disponibles? -- ¿Debe despenalizarse y legalizarse el aborto? -- ¿Cómo orientar... cómo ayudar? -- Apéndice: Carta abierta testimonial a parejas cristianas. | ||
| 563 | _aRústico | ||
| 650 | 1 | 0 |
_a Aborto _91098 |
| 650 | 1 | 7 |
_aCristianismo _2 _922 |
| 653 | _aAspectos religiosos y morales | ||
| 942 | _cBK | ||
| 945 | _aJTF-925 | ||
| 999 |
_c35408 _d35408 |
||